| 000 | 00384nam a2200157Ia 4500 | ||
|---|---|---|---|
| 008 | 230116s9999 xx 000 0 und d | ||
| 020 | _a9788190852814 | ||
| 041 | _aeng | ||
| 082 | _a720 | ||
| 100 |
_aAadi. _9106499 |
||
| 245 | _aArchitecture Conceptual To The Manifest. | ||
| 260 |
_bAADI Centre Ahmedabad. _c2012 |
||
| 300 | _a192 | ||
| 906 | _b40.0 | ||
| 999 |
_c84082 _d84082 |
||